Reproductive child health in the north east region / (Record no. 15244)

MARC details
000 -LEADER
fixed length control field 01004nam a2200265 a 4500
001 - CONTROL NUMBER
control field ENG-90834
005 - DATE AND TIME OF LATEST TRANSACTION
control field 20071231103130.0
008 - FIXED-LENGTH DATA ELEMENTS--GENERAL INFORMATION
fixed length control field 080901t xxu||||| |||| 00| 0 eng d
010 ## - LIBRARY OF CONGRESS CONTROL NUMBER
LC control number ENG-90834
020 ## - INTERNATIONAL STANDARD BOOK NUMBER
Terms of availability 450.00
International Standard Book Number 8183870031
035 ## - SYSTEM CONTROL NUMBER
System control number EN-74367
037 ## - SOURCE OF ACQUISITION
Source of stock number/acquisition DBAD /PUB
040 ## - CATALOGING SOURCE
Original cataloging agency DPL
082 ## - DEWEY DECIMAL CLASSIFICATION NUMBER
Classification number 613.9
100 ## - MAIN ENTRY--PERSONAL NAME
Personal name Singh, S.K.
245 ## - TITLE STATEMENT
Title Reproductive child health in the north east region /
Statement of responsibility, etc by S.K. Singh [and] Awadhesh Kumar Singh
260 ## - PUBLICATION, DISTRIBUTION, ETC. (IMPRINT)
Place of publication, distribution, etc New Delhi
Name of publisher, distributor, etc Serials Publications
Date of publication, distribution, etc 2006
270 ## - ADDRESS
Address 4, B.S.S. Hall, Khyber Pass Market, Civil Lines,
City Delhi
Postal code 110054
300 ## - PHYSICAL DESCRIPTION
Extent viii, 172p.
Dimensions 23 cm (Hb)
650 ## - SUBJECT ADDED ENTRY--TOPICAL TERM
Topical term or geographic name as entry element Reproductive health
Geographic subdivision India, Northeastern
650 ## - SUBJECT ADDED ENTRY--TOPICAL TERM
Topical term or geographic name as entry element Women
General subdivision Health and hygiene
Geographic subdivision India, Northeastern
700 ## - ADDED ENTRY--PERSONAL NAME
Personal name Awadhesh Kumar Singh
942 ## - ADDED ENTRY ELEMENTS (KOHA)
Source of classification or shelving scheme Dewey Decimal Classification
Koha item type English Books
Classification part 613.9
Call number suffix SIN
Holdings
Withdrawn status Lost status Damaged status Not for loan Collection code Home library Current library Date acquired Cost, normal purchase price Total Checkouts Full call number Barcode Date last seen Copy number Cost, replacement price Price effective from Koha item type
      Not For Loan Non-fiction D.B.Act.Division D.B.Act.Division 01/09/2008 450.00   613.9 SIN EN-74367 15/09/2008 1 450.00 15/09/2008 English Books

© Delhi Public Library
Hit Counter
free hit counter